| 000 | 01219nam a2200277 a 4500 | ||
|---|---|---|---|
| 001 | BRCA_8467 | ||
| 005 | 20190320210309.0 | ||
| 008 | 130116s2009----mx-a######---#000-0#spa-# | ||
| 020 | _a9786070020544 | ||
| 041 | _aspa | ||
| 044 | _amx | ||
| 050 | 4 |
_aNA5256.Y8 _b.G37 2009 |
|
| 100 | 1 |
_aGarcía-Pimentel, Carmen Cusi de _d1927-2008 _921205 |
|
| 245 | 1 | 0 |
_aIglesias de los Mayas _bedificios religiosos de la Península de Yucatán desde el siglo XVI _ctexto por Carmen Cusi de García-Pimentel ; fotografías por J.B. Johnson. |
| 260 |
_aMéxico _bEl Autor _c2009 |
||
| 300 |
_a170 p. _bil. a color _c33 cm. |
||
| 500 | _aIncluye glosario e índice alfabético | ||
| 500 | _aIncluye compendio de las iglesias de la península de Yucatán con localización en los estados de Campeche, Quintana Roo y Yucatán | ||
| 504 | _aBibliografía : p. 165 | ||
| 650 | 1 | 4 |
_aArquitectura de iglesias _xObras ilustradas _zYucatán _921206 |
| 650 | 1 | 4 |
_aArquitectura religiosa _xObras ilustradas _zYucatán _921207 |
| 650 | 1 | 4 |
_aArquitectura colonial _xObras ilustradas _zYucatán _921208 |
| 650 | 1 | 4 |
_aIglesias _vObras ilustradas _xDecoración y ornamentación _zYucatán _921209 |
| 700 | 1 |
_aJohnson, J.B. _eil. _921210 |
|
| 942 |
_2lcc _cB |
||
| 999 |
_c8134 _d8134 |
||